ՀՀ Գիտությունների ազգային ակադեմիայի հիմնարար գիտական գրադարան  =   Fundamental Scientific Library of NAS RA

Արձակ պոեմներ / (Record no. 92701)

MARC details
000 -LEADER
fixed length control field 00631nam a2200181 a 4500
001 - CONTROL NUMBER
control field 000257342
003 - CONTROL NUMBER IDENTIFIER
control field AM-YeHGA
005 - DATE AND TIME OF LATEST TRANSACTION
control field 20250618071727.0
008 - FIXED-LENGTH DATA ELEMENTS--GENERAL INFORMATION
fixed length control field 030902s1935 ai 000 | arm d
040 ## - CATALOGING SOURCE
Original cataloging agency AM-YeHGA
090 ## - LOCALLY ASSIGNED LC-TYPE CALL NUMBER (OCLC); LOCAL CALL NUMBER (RLIN)
-- 94000
100 1# - MAIN ENTRY--PERSONAL NAME
Personal name Արազի, Մովսես,
Dates associated with a name 1878-1964
9 (RLIN) 972
245 10 - TITLE STATEMENT
Title Արձակ պոեմներ /
Statement of responsibility, etc. Արազի.
260 ## - PUBLICATION, DISTRIBUTION, ETC.
Place of publication, distribution, etc. Յերևան :
Name of publisher, distributor, etc. Պետհրատ,
Date of publication, distribution, etc. 1935.
300 ## - PHYSICAL DESCRIPTION
Extent 82 էջ :
Other physical details դիմանկ., նկ. ;
Dimensions 17 սմ.
505 0# - FORMATTED CONTENTS NOTE
Formatted contents note Արյունոտ ծաղիկներ ; Անցվորները ; Կոմունարները …
650 14 - SUBJECT ADDED ENTRY--TOPICAL TERM
Topical term or geographic name entry element Հայ գրականություն
General subdivision Ժողովածու
Holdings
Withdrawn status Lost status Damaged status Not for loan Collection Home library Current library Date acquired Total checkouts Full call number Barcode Date last seen Cost, replacement price Price effective from Koha item type Public note Source of classification or shelving scheme
        General Fundamental Scientific Library Fundamental Scientific Library 22/12/2016   AI/5164 FL0040852 22/12/2016 1.00 22/12/2016 Գրքեր / Books 30 Days Loan  
        General Fundamental Scientific Library Fundamental Scientific Library 22/12/2016   AI/5165 FL0040853 22/12/2016 1.00 22/12/2016 Գրքեր / Books 30 Days Loan  
        Levonyan Individual Collection Fundamental Scientific Library Fundamental Scientific Library 22/12/2016   Լեվ/1662 FL0406105 22/12/2016   22/12/2016 Գրքեր / Books ILL Non-Circ. Universal Decimal Classification


ՀՀ ԳԱԱ հիմնարար գիտական գրադարան
ՀՀ,Երևան 0019
Մարշալ Բաղրամյան 24/6
հեռախոս:(374-10) 52-47-50
Հետադարձ կապ

All site content, except where otherwise noted, is licensed under a
Creative Commons License